El hombre antes de Adán /

El autor ofrece una descripción de las indagaciones sobre el origen del hombre. Inicia en el siglo XVII cuando en 1650 se determinó la fecha exacta, por un teólogo, en la que fue creado el hombre por la Trinidad hasta el año de 1962, en el que ante la gran cantidad de restos humanos fósiles no han l...

Fuld beskrivelse

Guardado en:
Bibliografiske detaljer
Hovedforfatter: Silverberg, Robert (autor)
Andre forfattere: Cárdenas Barrios, René (traducción) (traducción)
Format: Bog
Sprog:spansk
Udgivet: México : Diana, 1980, c1964
Fag:
Tags: Tilføj Tag
Ingen Tags, Vær først til at tagge denne postø!

MARC

LEADER 00000nam^a2200000^a^4500
001 000332877
005 20250521000000.0
009 20260526140810.184
020 |a 968-13-0761-5 
037 |a Acervo Xavier Clavigero 
041 |a ESP 
082 |a 573. 2  |b SIL 
100 |a Silverberg, Robert  |e (autor) 
245 1 3 |a El hombre antes de Adán /  |c R. Silverberg ; tr. por. R. Cárdenas Barrios. 
246 2 |a Título en la cubierta: El hombre antes de Adán. La historia del hombre en busca de sus orígenes 
264 4 |a México :  |b Diana,  |c 1980, c1964 
300 |a 254 p. 
336 |a texto  |b txt  |2 rdacontenido 
337 |a sin mediación  |b n  |2 rdamedio 
338 |a volumen  |b nc  |2 rdasoporte 
500 |a Traducción de: Before Adam 
520 |a El autor ofrece una descripción de las indagaciones sobre el origen del hombre. Inicia en el siglo XVII cuando en 1650 se determinó la fecha exacta, por un teólogo, en la que fue creado el hombre por la Trinidad hasta el año de 1962, en el que ante la gran cantidad de restos humanos fósiles no han logrado determinar con exactitud tal fecha. 
649 |a XX 
650 |a Hombre Prehistórico 
650 |a Hombre -  |x Origen -  |x Tema Principal 
650 |a Fósiles 
650 |a Paleontología Humana 
650 |a Antropología Física 
700 |a Cárdenas Barrios, René  |e (traducción) 
910 |a Fondo General 
920 |a Impresos - Libros 
930 |a Colección General 
905 |a 101 
901 |a 063082  |b IT1  |c ACC  |u 20250521 
902 |a https://opac.biblio.iteso.mx/vufind/Record/000332877